| 000 | 01156nam a2200313 i 4500 | ||
|---|---|---|---|
| 001 | 104063 | ||
| 003 | ES-MaACL | ||
| 005 | 20231215062952.0 | ||
| 007 | t| | ||
| 008 | 051122s1975 sp ||||1| spa d | ||
| 020 | _a84-7392-062-7 | ||
| 080 | _a821.134.2-34"16" | ||
| 100 | 1 |
_aMey, Sebastián. _980771 |
|
| 245 | 1 | 0 |
_aFabulario / _cSebastián Mey ; edición e introducción de Carmen Bravo-Villasante. |
| 250 | _aEd. facs. | ||
| 260 |
_aMadrid : _bFundación Universitaria Española, _c1975. |
||
| 300 |
_aXXVI, 194 p. : _bil. ; _c18 cm. |
||
| 490 | 1 |
_aPublicaciones de la Fundación Universitaria Española. Facsímiles ; _v1 |
|
| 534 |
_pReprod. facsímil de la ed. de: _cValencia : Felipe Mey, a costa de Filipo Pincilani, 1613. |
||
| 650 | 4 |
_aFábulas- _zEspaña. _912712 |
|
| 655 | 7 |
_2tgfbne _9226495 _aFacsímiles |
|
| 700 | 1 |
_aBravo-Villasante, Carmen, _d1918-1994 _931507 |
|
| 710 | 2 |
_aFundación Universitaria Española. _94426 |
|
| 830 | 1 |
_aPublicaciones de la Fundación Universitaria Española. Facsímiles ; _v1 _9184836 |
|
| 852 | 4 |
_aES-MaACL _jE-10079 |
|
| 852 | 4 |
_aES-MaACL _jE-9648 |
|
| 942 | _2udc | ||
| 999 |
_c104063 _d104063 |
||